Podział administracyjny w Polsce - Statystyki

Ogólne statystyki
  • Ten quiz został rozwiązany 26 razy
  • Średni wynik to 6 z 7
Statystyki odpowiedzi
Przykład Nazwa % Poprawnych
............. łódzkie województwo
100%
...... wiejska Zgierz gmina
96%
Polska kraj
96%
....... zgierski powiat
96%
Ozorków miasto/wieś
92%
Adamówek dzielnica
54%
....... Sikorskiego osiedle
46%
Nie znaleziono quizów pasujących do podanych kryteriów
Rozkład punktacji
Procent ludzi z każdym wynikiem
Percentyl według liczby udzielonych odpowiedzi
Twoja historia wyników
Nie rozwiązałeś tego quizu